Statistics for Countries Slick Rick has Visited

Click here to take the quiz!

General Stats

  • This quiz has been taken 7 times
  • The average score is 10 of 11

Answer Stats

ContinentCountry% Correct
EuropeSpain
100%
EuropeSweden
100%
EuropeUnited Kingdom
100%
North AmericaUnited States of America
100%
EuropeDenmark
83%
EuropeFinland
83%
EuropeGermany
83%
EuropeIreland
83%
EuropeNetherlands
83%
EuropeSwitzerland
83%
EuropeAustria
67%

Score Distribution

Percentile by Number Answered

Percent of People with Each Score

Your Score History

You have not taken this quiz